| 000 | 00504nam a22001697a 4500 | ||
|---|---|---|---|
| 003 | NUST | ||
| 005 | 20220818144740.0 | ||
| 008 | 220818b ||||| |||| 00| 0 eng d | ||
| 020 | _a9781647390983 | ||
| 038 | _aAzhar | ||
| 082 |
_a153.69 _bROU |
||
| 100 |
_aScott Rouse; Remie Geoffroi _998072 |
||
| 245 |
_aUnderstanding body language : how to decode nonverbal communication in life, love, and work _cScott Rouse |
||
| 260 |
_aCalifornia _bRockridge Press _c2020 |
||
| 300 | _a157p | ||
| 942 |
_2ddc _cLC |
||
| 999 |
_c591224 _d591224 |
||